সেলিম আল দীনের নাটকে নারী চরিত্র = Female Charaters in the plays of selim al Deen : (Record no. 77903)
[ view plain ]
| 000 -LEADER | |
|---|---|
| fixed length control field | 02353nam a2200337 a 4500 |
| 001 - CONTROL NUMBER | |
| control field | 77903 |
| 003 - CONTROL NUMBER IDENTIFIER | |
| rucl marc code | BD-RjUL |
| 005 - DATE AND TIME OF LATEST TRANSACTION | |
| control field | 20230220132847.0 |
| 008 - FIXED-LENGTH DATA ELEMENTS--GENERAL INFORMATION | |
| fixed length control field | 210208s2014 bgw||||| m||| 00| 0 ben d |
| 035 ## - SYSTEM CONTROL NUMBER | |
| System control number | (BD-RjUL)78129 |
| 040 ## - CATALOGING SOURCE | |
| Original cataloging agency | BD-RjUL |
| Language of cataloging | ben /eng |
| Transcribing agency | BD-RjUL |
| Modifying agency | BD-RjUL |
| 041 ## - LANGUAGE CODE | |
| Language code of text/sound track or separate title | ben |
| 082 ## - DEWEY DECIMAL CLASSIFICATION NUMBER | |
| Classification number | 891.44209 |
| Author mark and year | AMS 2014 |
| Edition number | 23 |
| 100 ## - MAIN ENTRY--PERSONAL NAME | |
| Personal name | আমিরুজ্জামান, মো. |
| 9 (RLIN) | 144653 |
| 245 10 - TITLE STATEMENT | |
| Title | সেলিম আল দীনের নাটকে নারী চরিত্র = Female Charaters in the plays of selim al Deen : |
| Remainder of title | পারিবারিক, সামাজিক ও মনস্তাত্ত্বিক প্রসঙ্গ = Famailial, social and psychological context / |
| Statement of responsibility, etc. | মো. আমিরুজ্জামান ; |
| Linkage | তত্ত্বাবধায়ক : স্বরোচিষ সরকার, সহ-তত্ত্বাবধায়ক : এস. এম. ফারুক হোসাইন |
| 246 ## - VARYING FORM OF TITLE | |
| Title proper/short title | Female Charaters in the plays of selim al Deen : |
| Remainder of title | Famailial, social and psychological context |
| 260 ## - PUBLICATION, DISTRIBUTION, ETC. (IMPRINT) | |
| Place of publication, distribution, etc. | রাজশাহী : |
| Name of publisher, distributor, etc. | নাট্যকলা বিভাগ, রাজশাহী বিশ্ববিদ্যালয়, |
| Date of publication, distribution, etc. | 2014 |
| 300 ## - PHYSICAL DESCRIPTION | |
| Pagination | ক-ড, ২৫১ পাতা ; |
| Size | ২৯ সেমি. |
| 502 ## - DISSERTATION NOTE | |
| Dissertation note | থিসিস (পিএইচ. ডি. ) -- নাট্যকলা বিভাগ, রাজশাহী বিশ্ববিদ্যালয়, ২০১৪ |
| 504 ## - BIBLIOGRAPHY, ETC. NOTE | |
| Bibliography, etc | গ্রন্থপঞ্জি : পাতা ২৪৫-২৫১ |
| 600 ## - SUBJECT ADDED ENTRY--PERSONAL NAME | |
| Personal name | দীন, সেলিম আল, |
| Dates associated with a name | --১৯৪৯-২০০৮ |
| General subdivision | সমালোচনা ও ব্যাখা |
| Personal name | Deen, Selim Al, |
| Dates associated with a name | --1949-2008 |
| General subdivision | Criticism and Interpretation |
| 650 ## - SUBJECT ADDED ENTRY--TOPICAL TERM | |
| Topical term or geographic name as entry element | বাংলা নাটক |
| General subdivision | ইতিহাস ও সমালোচনা |
| 9 (RLIN) | 244589 |
| Topical term or geographic name as entry element | Bengali Drama |
| General subdivision | History & Criticism |
| 9 (RLIN) | 244590 |
| Topical term or geographic name as entry element | সাহিত্যে নারী |
| 9 (RLIN) | 3895 |
| Topical term or geographic name as entry element | Women in literature |
| 9 (RLIN) | 3068 |
| 700 ## - ADDED ENTRY--PERSONAL NAME | |
| Personal name | সরকার, স্বরোচিষ, তত্ত্বাবধায়ক |
| Personal name | হোসাইন, এস. এম. ফারুক, সহ-তত্ত্বাবধায়ক |
| 856 ## - ELECTRONIC LOCATION AND ACCESS | |
| Uniform Resource Identifier | <a href="http://rulrepository.ru.ac.bd/handle/123456789/629">http://rulrepository.ru.ac.bd/handle/123456789/629</a> |
| 942 ## - ADDED ENTRY ELEMENTS (KOHA) | |
| Source of classification or shelving scheme | Dewey Decimal Classification |
| Koha item type | Theses |
| Lost status | Source of classification or shelving scheme | Damaged status | Not for loan | Collection code | Permanent Location | Current Location | Shelving location | Date acquired | Source of acquisition | Total Checkouts | Full call number | Date last seen | Copy number | Koha item type |
|---|---|---|---|---|---|---|---|---|---|---|---|---|---|---|
| Dewey Decimal Classification | Not For Loan | Theses | Central Library, University of Rajshahi | Central Library, University of Rajshahi | Documentation Section | 13/06/2015 | Controller of Exam., R.U | BTHE 891.44209 AMS 2014 | 08/02/2021 | C-1 | Theses |